LIBRARY & INFORMATION CENTRE, KCAET, TAVANUR

ONLINE PUBLIC ACCESS CATALOGUE (OPAC)

Mathematical statistics / (Record no. 9988)

MARC details
000 -LEADER
fixed length control field 00457cam a2200193ua 4500
041 ## - LANGUAGE CODE
Language code of text/sound track or separate title eng
082 ## - DEWEY DECIMAL CLASSIFICATION NUMBER
Classification number 519.5
Item number KAP/MA
100 ## - MAIN ENTRY--AUTHOR NAME
Personal name Kapur, J N .
245 ## - TITLE STATEMENT
Title Mathematical statistics /
250 ## - EDITION STATEMENT
Edition statement 4 /
260 ## - PUBLICATION, DISTRIBUTION, ETC. (IMPRINT)
Place of publication New Delhi :
Name of publisher S.Chand and Co ,
Year of publication 1967.
300 ## - PHYSICAL DESCRIPTION
Number of Pages 489 ; .
700 1# - ADDED ENTRY--PERSONAL NAME
Personal name Saxena, H C .
942 ## - ADDED ENTRY ELEMENTS (KOHA)
Koha item type Books
Holdings
Withdrawn status Lost status Damaged status Home library Current library Date acquired Full call number Accession Number Koha item type
      KAUAET KAUAET 07/04/2012 519.5 KAP/MA 10486 Books
free website counter